00245nam a2200097 a 450000500170000000800410001705000180005824500310007665000090010765000310011620141022142007.0081003s19uu xx 00 eng d aVCDbL46 2007 aThe leaning tower of pisa. aVCD. aThe leaning tower of pisa.